000
00228nam a22001097a 4500
999
_c
527894
_d
527894
040
_c
DLC
082
_a
891.4393
_b
MUF
245
_a
Chup /
_c
Mumtaz Mufti
260
_a
Lahore
_b
Al-Faisal
_c
2008
300
_a
252
942
_2
ddc
_c
BK